Loading...
| Fine Arts - Painting and Sculpture | 3 | 2 | 1 | 0 | 60 | 59 | 82.80 | 1 | 5 | 0.00 | 0.00 |
| Fine Arts - Classical Music | 1 | 4 | 0 | 0 | 55 | 31 | 85.40 | 3 | 5 | 0.00 | 0.00 |
| Literature - Long Fiction | 1 | 4 | 0 | 1 | 55 | 69 | 106.00 | 3 | 5 | 0.00 | 0.00 |
| History - World | 1 | 3 | 1 | 0 | 40 | 20 | 78.25 | 2 | 4 | 0.00 | 0.00 |
| Mythology | 1 | 2 | 0 | 0 | 35 | 43 | 81.67 | 1 | 3 | 0.00 | 0.00 |
| Fine Arts - Other | 1 | 2 | 1 | 1 | 30 | 54 | 107.33 | 1 | 3 | 0.00 | 0.00 |
| Literature - Drama | 0 | 3 | 0 | 0 | 30 | 102 | 110.67 | 1 | 3 | 0.00 | 0.00 |
| Science - Biology | 0 | 2 | 0 | 0 | 20 | 121 | 125.50 | 0 | 2 | 0.00 | 0.00 |
| Short Fiction and Other | 1 | 1 | 1 | 0 | 20 | 26 | 81.50 | 1 | 2 | 0.00 | 0.00 |
| History - European | 1 | 1 | 1 | 0 | 20 | 74 | 75.50 | 2 | 2 | 0.00 | 0.00 |
| Geography | 1 | 0 | 0 | 0 | 15 | 66 | 66.00 | 1 | 1 | 0.00 | 0.00 |
| Religion | 1 | 0 | 0 | 0 | 15 | 62 | 62.00 | 0 | 1 | 0.00 | 0.00 |
| History - American | 0 | 1 | 0 | 0 | 10 | 83 | 83.00 | 1 | 1 | 0.00 | 0.00 |
| Philosophy | 0 | 1 | 0 | 0 | 10 | 95 | 95.00 | 1 | 1 | 0.00 | 0.00 |
| Literature - Poetry | 0 | 1 | 1 | 0 | 5 | 117 | 117.00 | 1 | 1 | 0.00 | 0.00 |
| Other Academic | 0 | 1 | 1 | 0 | 5 | 73 | 73.00 | 1 | 1 | 0.00 | 0.00 |
| Science - Chemistry | 0 | 1 | 1 | 0 | 5 | 82 | 82.00 | 0 | 1 | 0.00 | 0.00 |
| Social Science | 0 | 0 | 1 | 0 | -5 | 0.00 | 0 | 0 | 0.00 | 0.00 |